Český kreslený humor 20. století

Bibliographic Details
Main Author: Pytlík, Radko, 1928-2022 (Author)
Other Authors: Dyková, Věra, 1952- (Photographer)
Format: Book
Language:Czech
PhysicalDescription:158 s. ilustr. 20 cm
Published: Praha Odeon 1988
Edition:1. vyd.
Series:Klub čtenářů
Subjects:

MARC

LEADER 00000cam a2200000 a 4500
001 vtls009725626
003 SK-MaSNL
005 20260301130159.0
008 240313s1988 xr a r 001 0 cze
040 |a SNK  |b slo  |c SNK  |e AACR2 
041 0 |a cze 
044 |a xr  |c CZ 
072 7 |a 74  |x Kresba. Umelecké remeslá  |2 konspekt 
080 |a 741.5  |2 2001 
080 |a (437.3)  |2 2001 
080 |a (048.8)  |2 2001 
100 1 |a Pytlík, Radko,  |d 1928-2022,  |4 aut  |9 256114 
245 1 0 |a Český kreslený humor 20. století  |c Radko Pytlík ; předlohy k barevným a černobílým reprodukcím pořídila Věra Dyková 
250 |a 1. vyd. 
260 |a Praha  |b Odeon  |c 1988  |f Rudé právo 
300 |a 158 s.  |b ilustr.  |c 20 cm 
366 |e 190000 výtl. 
490 1 |a Klub čtenářů 
500 |a Nepredajná členská prémia 
504 |a Obsahuje register 
648 7 |a 20. stor.  |2 SNKPH  |9 275975 
650 0 7 |a kreslený humor  |2 SNKPH  |9 1766 
650 0 7 |a karikatúry  |2 SNKPH  |9 1062 
651 7 |a Česko  |2 SNKPHgeo  |9 16753 
655 7 |a štúdie  |2 SNKPH  |9 57033 
700 1 |a Dyková, Věra,  |d 1952-  |4 pht  |9 256118 
830 0 |a Klub čtenářů  |9 280615 
852 |a Slovenská národná knižnica 
954 |a odborná, vedecká literatúra cudzojazyčná (svetová)  |2 lita 
958 |a OND 
999 |c 744691  |d 746621 
952 |a SNK  |b SNK  |y VYP  |7 0  |p 17A0693525  |o snkID 87766 D1  |i snkKIP 9496/88  |0 0  |1 1  |4 0  |d 2011-03-19  |l 0  |r 2026-02-23 23:12:37  |w 2026-02-23